Emerging literacy: young children learn to read and write
Gorde:
| Egile Nagusiak: | , |
|---|---|
| Formatua: | Liburua |
| Hizkuntza: | ingelesa |
| Argitaratua: |
Newark
International Reading Association
1989
|
| Gaiak: | |
| Etiketak: |
Etiketa erantsi
Etiketarik gabe, Izan zaitez lehena erregistro honi etiketa jartzen!
|
MARC
| LEADER | 00000nam a2200000 a 4500 | ||
|---|---|---|---|
| 001 | UCO9557 | ||
| 003 | CL-VaPUC | ||
| 008 | 010302e19890000US |||||||||||||||||eng|d | ||
| 082 | 0 | 4 | |a 372.4 |b STR |2 21 |
| 100 | 0 | |a Strickland, Dorothy S |e author |9 454832 | |
| 700 | |a Morrow, Lesley Mandel |e author |9 540370 | ||
| 245 | 1 | 0 | |a Emerging literacy: young children learn to read and write |
| 300 | |a 161 p | ||
| 942 | |c BK | ||
| 945 | |d 20010302 00:00:00 |a cmena | ||
| 260 | |a Newark |b International Reading Association |c 1989 | ||
| 650 | 0 | |a Educación lingüística |9 306506 | |
| 650 | 0 | |a Enseñanza de la lectura |9 308364 | |
| 650 | 0 | |a Educación preescolar |9 260381 | |
| 650 | 0 | |a Educación básica |9 224933 | |
| 650 | 0 | |a Métodos de enseñanza |9 270413 | |
| 583 | |a last modification |c 20170824 12:09:34 |k Rodrigo Vera | ||
| 999 | |c 293760 |d 293758 | ||
| 952 | |0 0 |1 0 |4 0 |6 372_400000000000000_STR_1989 |7 0 |8 A |9 345471 |a FDOPOS |b FDOPOS |d 2019-11-20 |i 3689700 |o 372.4 STR 1989 |p 3689700 |r 2025-01-22 |w 2019-11-20 |y BK |k MLA | ||